[Event "Pontevedra op 4th"]
[Site "Pontevedra"]
[Date "2016.08.08"]
[Round "1"]
[White "Hoffman, Alejandro"]
[Black "Alvarez Castano, Cibran"]
[Result "1-0"]
[WhiteElo "2467"]
[BlackElo "1697"]
[PlyCount "69"]
[EventDate "2016.08.08"]
[EventType "swiss"]
[EventRounds "9"]
[EventCountry "ESP"]
[SourceTitle "CBM 173 Extra"]
[Source "ChessBase"]
[SourceDate "2016.08.29"]
[SourceVersion "1"]
[SourceVersionDate "2016.08.29"]
[SourceQuality "1"]

1. d4 d6 2. e4 Nf6 3. f3 Nbd7 4. c4 e5 5. d5 Be7 6. Be3 0-0 7. Nc3 c6 8. Nge2 cxd5 9. cxd5 Qa5 10. a3 a6 11. b4 Qd8 12. Nc1 Nh5 13. Qd2 g6 14. Nb3 Ng7 15. Be2 f5 16. 0-0 Nf6 17. Na5 f4 18. Bf2 g5 19. Na4 h5 20. Nb6 Rb8 21. Rfc1 Bd7 22. Qc2 Nge8 23. Nac4 Kf7 24. a4 Rg8 25. Qd1 g4 26. Nxd7 Qxd7 27. Ba7 gxf3 28. Bxf3 Rc8 29. Bf2 Qh3 30. a5 Ng4 31. gxh3 Ne3+ 32. Kh1 Nxd1 33. Bxd1 Nf6 34. Bf3 Rg7 35. Nxe5+ 1-0